| 000 | 00424nam a2200157Ia 4500 | ||
|---|---|---|---|
| 999 |
_c32667 _d32667 |
||
| 003 | OSt | ||
| 005 | 20200918110320.0 | ||
| 008 | 190216s9999||||xx |||||||||||||| ||und|| | ||
| 040 | _coclc | ||
| 082 |
_a534 _bYAR/A |
||
| 100 |
_aYarwood, T M _94725 |
||
| 245 | 0 |
_aAcoustics / _cT M Yarwood |
|
| 260 |
_bMacmillan &co Ltd, _aLondon: _c1953. |
||
| 300 | _a346p | ||
| 942 |
_cBK _2ddc _h534 _iYAR/A _k534 _mYAR/A |
||